[Event "Singapore op"]
[Site "Singapore"]
[Date "2024.11.29"]
[Round "1"]
[White "Pichot, Alan"]
[Black "Chan, Yi Ren Daniel"]
[Result "1/2-1/2"]
[WhiteElo "2649"]
[BlackElo "2324"]
[PlyCount "120"]
[EventDate "2024.11.29"]
[EventType "swiss"]
[EventRounds "9"]
[EventCountry "SIN"]
[SourceTitle "CB50_2024"]
[SourceDate "2024.11.01"]
[SourceVersion "1"]
[SourceVersionDate "2024.11.01"]
[SourceQuality "2"]

1. e4 e5 2. Nf3 Nc6 3. Bb5 a6 4. Ba4 Nf6 5. 0-0 b5 6. Bb3 Bc5 7. a4 Rb8 8. c3 d6 9. d4 Bb6 10. a5 Ba7 11. h3 Bb7 12. Be3 Nxe4 13. d5 Bxe3 14. dxc6 Nxf2 15. Qe2 Nxh3+ 16. Kh1 Bc5 17. cxb7 Nf4 18. Qe4 0-0 19. g3 d5 20. Qxe5 Bd6 21. Qg5 Ne2 22. Qxd8 Nxg3+ 23. Kg2 Rfxd8 24. Bxd5 Nxf1 25. Kxf1 Bf4 26. c4 Rd6 27. Nd4 Kf8 28. cxb5 Be3 29. Nc6 Rxb7 30. Nc3 Rxb5 31. Nxb5 Rxd5 32. Ke2 Rxb5 33. Kxe3 Rxb2 34. Ra4 Rh2 35. Rb4 g5 36. Rb8+ Kg7 37. Ra8 h5 38. Rxa6 h4 39. Kf3 Ra2 40. Nd4 f6 41. Nf5+ Kg6 42. Ne7+ Kh5 43. Nd5 g4+ 44. Ke4 Ra4+ 45. Ke3 Ra3+ 46. Kf4 Rf3+ 47. Ke4 f5+ 48. Ke5 h3 49. Ra8 Kh4 50. Ne7 Kg3 51. Nxf5+ Kf2 52. Rh8 Ra3 53. Kf4 Ra4+ 54. Kg5 Kg1 55. Rb8 h2 56. Rb1+ Kg2 57. Rb2+ Kh3 58. Rb3+ Kg2 59. Rb2+ Kh3 60. Rb3+ Kg2 1/2-1/2

[Event "Melbourne op"]
[Site "Melbourne"]
[Date "2024.04.06"]
[Round "7"]
[White "Chan, Yi Ren Daniel"]
[Black "Xie, Felix"]
[Result "0-1"]
[WhiteElo "2316"]
[BlackElo "2291"]
[PlyCount "76"]
[EventDate "2024.04.03"]
[EventType "swiss"]
[EventRounds "9"]
[EventCountry "AUS"]
[SourceTitle "CBM 219 Extra"]
[Source "ChessBase"]
[SourceDate "2024.05.31"]
[SourceVersion "1"]
[SourceVersionDate "2024.05.31"]
[SourceQuality "1"]

1. e4 c5 2. Nf3 e6 3. d4 cxd4 4. Nxd4 Nf6 5. Nc3 Nc6 6. Be2 Bb4 7. 0-0 Bxc3 8. bxc3 Nxe4 9. Bf3 d5 10. Bxe4 dxe4 11. Ba3 Nxd4 12. cxd4 Qa5 13. Qc1 Bd7 14. c4 Bc6 15. Qe3 0-0-0 16. Rfc1 Rd7 17. Rab1 Rhd8 18. Bb4 Qa4 19. Bc3 Qxc4 20. h3 Qd5 21. Qg3 b6 22. Qxg7 f5 23. Qg3 Kb7 24. a4 Bxa4 25. Ra1 Bc6 26. Bd2 e3 27. Bxe3 e5 28. dxe5 Rg8 29. Bg5 f4 30. Qg4 h5 31. Qxd7+ Qxd7 32. h4 Qg4 33. f3 Bxf3 34. Ra2 Bd5 35. Rd2 f3 36. Rcd1 Re8 37. Kh2 Rxe5 38. gxf3 Qxf3 0-1

[Event "Melbourne op"]
[Site "Melbourne"]
[Date "2024.04.04"]
[Round "4"]
[White "Mitrabha, Guha"]
[Black "Chan, Yi Ren Daniel"]
[Result "1-0"]
[WhiteElo "2537"]
[BlackElo "2316"]
[PlyCount "241"]
[EventDate "2024.04.03"]
[EventType "swiss"]
[EventRounds "9"]
[EventCountry "AUS"]
[SourceTitle "CBM 219 Extra"]
[Source "ChessBase"]
[SourceDate "2024.05.31"]
[SourceVersion "1"]
[SourceVersionDate "2024.05.31"]
[SourceQuality "1"]

1. Nf3 Nf6 2. c4 c6 3. Nc3 d5 4. e3 e6 5. b3 Nbd7 6. d4 Bd6 7. Bb2 b6 8. Bd3 Bb7 9. 0-0 0-0 10. Qe2 Qe7 11. Rfd1 Rac8 12. Rac1 Rfd8 13. h3 h6 14. Rc2 e5 15. dxe5 Nxe5 16. Bf5 Nxf3+ 17. Qxf3 Rb8 18. Rcd2 dxc4 19. bxc4 Be5 20. Qe2 Rxd2 21. Qxd2 Bc7 22. Qc2 Rd8 23. Rxd8+ Qxd8 24. c5 Bc8 25. Bxc8 Qxc8 26. Ne2 Qe6 27. Qa4 bxc5 28. Qxa7 Qd7 29. Nf4 Nd5 30. Qxc5 Nxf4 31. exf4 Qd1+ 32. Kh2 Bxf4+ 33. g3 Qe2 34. Bd4 Bg5 35. a4 Qa6 36. a5 Bd2 37. Qe5 f6 38. Qe6+ Kh7 39. Bxf6 Qa7 40. Qe4+ Kg8 41. Bd4 Qxa5 42. Qe8+ Kh7 43. Qd7 Qg5 44. h4 Qg6 45. Bxg7 Qxg7 46. Qxd2 Qf6 47. Kg2 Qe6 48. Qd4 Qf5 49. g4 Qe6 50. Kg3 Kg8 51. h5 Qb3+ 52. Qe3 Qb8+ 53. Qf4 Qb3+ 54. Qf3 Qb8+ 55. Kg2 Qd6 56. Qe4 c5 57. Qb7 Qe6 58. Qb8+ Kg7 59. Qc7+ Kg8 60. Kf3 c4 61. Qd8+ Kg7 62. Qd4+ Kg8 63. Qc5 Qf6+ 64. Ke4 Qe6+ 65. Kf4 Qf6+ 66. Kg3 Qe6 67. Qc7 Qe4 68. Qd6 Kg7 69. Qc7+ Kg8 70. Qd8+ Kg7 71. Qd6 Qc2 72. Qe7+ Kg8 73. Qf6 Qd3+ 74. f3 c3 75. Qxh6 c2 76. Qe6+ Kf8 77. Qc8+ Kf7 78. Qc7+ Ke6 79. h6 Qd1 80. Qb6+ Kf7 81. Qa7+ Kf6 82. Qg7+ Ke6 83. Qg6+ Ke7 84. Qe4+ Kd7 85. Qa4+ Ke6 86. Qb3+ Kd7 87. Qb5+ Kd6 88. Qb6+ Kd7 89. Qa7+ Kd6 90. Qb6+ Kd7 91. h7 Qe1+ 92. Kg2 c1Q 93. Qd4+ Ke6 94. h8Q Qc2+ 95. Kh3 Qh1+ 96. Kg3 Qcg2+ 97. Kf4 Qxf3+ 98. Kg5 Qc1+ 99. Kh5 Qf7+ 100. Kh4 Qe7+ 101. Kg3 Qea3+ 102. Kh4 Qh1+ 103. Kg5 Qe7+ 104. Qhf6+ Qxf6+ 105. Qxf6+ Kd7 106. Kg6 Ke8 107. Qe6+ Kd8 108. g5 Qb1+ 109. Kg7 Qb7+ 110. Qf7 Qe4 111. g6 Qd3 112. Kg8 Qe4 113. g7 Qe5 114. Qg6 Ke7 115. Kh8 Qh2+ 116. Qh7 Qe5 117. Qh4+ Kf7 118. Qc4+ Kg6 119. Qc6+ Kf7 120. Qd5+ Kg6 121. Qxe5 1-0

[Event "Titled Tuesday intern op 09th Jan Late"]
[Site "Chess.com INT"]
[Date "2024.01.09"]
[Round "6"]
[White "Sevian, Samuel"]
[Black "Chan, Yi Ren Daniel"]
[Result "1-0"]
[WhiteElo "2697"]
[BlackElo "2316"]
[PlyCount "61"]
[EventDate "2024.01.09"]
[EventType "swiss (blitz)"]
[EventRounds "11"]
[EventCountry "USA"]
[SourceTitle "EXT 2025"]
[Source "ChessBase"]
[SourceDate "2024.10.14"]
[SourceVersion "1"]
[SourceVersionDate "2024.10.14"]
[SourceQuality "1"]

1. e4 c6 2. d4 d5 3. e5 Bf5 4. h4 h5 5. Ne2 e6 6. Nf4 c5 7. c3 Qb6 8. Nxh5 cxd4 9. Ng3 Bxb1 10. Rxb1 dxc3 11. Bd3 Nc6 12. bxc3 Qc7 13. Bf4 Nh6 14. 0-0 Bc5 15. Qe2 g6 16. c4 dxc4 17. Bxc4 Nf5 18. Ne4 Be7 19. g3 Nxh4 20. Nd6+ Bxd6 21. exd6 Qd8 22. Rfd1 Qf6 23. d7+ Kf8 24. Qe4 Rd8 25. Rxb7 g5 26. Bd6+ Kg7 27. gxh4 Rxh4 28. Qxc6 Rg4+ 29. Kf1 Qh6 30. Qf3 Qh4 31. Be5+ 1-0

[Event "Titled Tuesday intern op 19th Dec Early"]
[Site "Chess.com INT"]
[Date "2023.12.19"]
[Round "8"]
[White "Chan, Yi Ren Daniel"]
[Black "Belov, Alexei"]
[Result "0-1"]
[WhiteElo "2316"]
[BlackElo "2421"]
[PlyCount "92"]
[EventDate "2023.12.19"]
[EventType "swiss (blitz)"]
[EventRounds "11"]
[EventCountry "USA"]
[SourceTitle "CBM 217 Extra"]
[Source "ChessBase"]
[SourceDate "2024.01.31"]
[SourceVersion "1"]
[SourceVersionDate "2024.01.31"]
[SourceQuality "1"]

1. e4 e6 2. Nf3 d5 3. Nc3 Nf6 4. e5 Nfd7 5. d4 c5 6. dxc5 Nc6 7. Bf4 Bxc5 8. Bd3 f6 9. exf6 Nxf6 10. Qe2 0-0 11. 0-0-0 Bd7 12. Bg5 Qa5 13. Ne5 Nxe5 14. Qxe5 Bxf2 15. Rhf1 Qb6 16. Rd2 Bd4 17. Qg3 Ne4 18. Rxf8+ Rxf8 19. Bxe4 dxe4 20. Rd1 Bc6 21. Be7 Re8 22. Bg5 e3 23. Rd3 e2 24. Nxe2 Bxb2+ 25. Kd1 Bb5 26. Rd6 Qc5 27. Be3 Bxe2+ 28. Kxe2 Qxc2+ 29. Rd2 Qc4+ 30. Kd1 Qc1+ 31. Ke2 Bc3 32. Rd7 Qc2+ 33. Bd2 Qe4+ 34. Be3 Qc4+ 35. Kd1 Qxa2 36. Bd2 Qb1+ 37. Ke2 Qe4+ 38. Kd1 Qa4+ 39. Ke2 Qxd7 40. Bxc3 e5 41. Qe3 e4 42. Qg5 Qd3+ 43. Kf2 Qxc3 44. Qh5 Rf8+ 45. Ke2 Qd3+ 46. Ke1 Rf1# 0-1

[Event "Titled Tuesday intern op 19th Dec Early"]
[Site "Chess.com INT"]
[Date "2023.12.19"]
[Round "1"]
[White "Chan, Yi Ren Daniel"]
[Black "Marchesich, Giovanni"]
[Result "1-0"]
[WhiteElo "2316"]
[BlackElo "2223"]
[PlyCount "59"]
[EventDate "2023.12.19"]
[EventType "swiss (blitz)"]
[EventRounds "11"]
[EventCountry "USA"]
[SourceTitle "CBM 217 Extra"]
[Source "ChessBase"]
[SourceDate "2024.01.31"]
[SourceVersion "1"]
[SourceVersionDate "2024.01.31"]
[SourceQuality "1"]

1. e4 e5 2. Nf3 Nc6 3. Bc4 Nf6 4. Ng5 d5 5. exd5 Na5 6. Bb5+ c6 7. dxc6 bxc6 8. Bd3 Ng4 9. Nf3 Bc5 10. 0-0 f5 11. b4 Bxb4 12. Nxe5 Nxe5 13. Re1 0-0 14. Rxe5 Qd4 15. Rxa5 Bxa5 16. Nc3 Rb8 17. Ba3 Re8 18. Qh5 Qe5 19. Rf1 Be6 20. Ne2 g6 21. Qh4 Bd8 22. Qa4 Bc7 23. g3 Bd5 24. Nf4 Be4 25. Bc4+ Bd5 26. Qxc6 Bxc4 27. Qxc4+ Kh8 28. Bb4 Bb6 29. Bc3 Bd4 30. Bxd4 1-0

[Event "Titled Tuesday intern op 19th Dec Early"]
[Site "Chess.com INT"]
[Date "2023.12.19"]
[Round "10"]
[White "Chan, Yi Ren Daniel"]
[Black "Santos Flores, Alberto Javier"]
[Result "1-0"]
[WhiteElo "2316"]
[BlackElo "2183"]
[PlyCount "147"]
[EventDate "2023.12.19"]
[EventType "swiss (blitz)"]
[EventRounds "11"]
[EventCountry "USA"]
[SourceTitle "CBM 217 Extra"]
[Source "ChessBase"]
[SourceDate "2024.01.31"]
[SourceVersion "1"]
[SourceVersionDate "2024.01.31"]
[SourceQuality "1"]

1. e4 e6 2. Nf3 d5 3. Nc3 Nf6 4. e5 Ne4 5. d3 Nxc3 6. bxc3 c5 7. d4 Nc6 8. Bb5 Bd7 9. Bxc6 Bxc6 10. 0-0 Bb5 11. Re1 Be7 12. a4 Ba6 13. h3 Rc8 14. Nh2 Qc7 15. Be3 cxd4 16. Bxd4 Bc5 17. Qg4 0-0 18. Re3 Bxd4 19. cxd4 Qxc2 20. Rg3 g6 21. Qg5 Qb2 22. Re1 Qxd4 23. Ng4 Rc2 24. Nh6+ Kg7 25. Qf6+ Kxh6 26. Rg4 Qxf2+ 27. Qxf2 Rxf2 28. Kxf2 Rc8 29. Rf4 Kg7 30. Re3 Rc4 31. Rf6 Rc7 32. g4 d4 33. Ref3 d3 34. Ke3 Rd7 35. Kd2 b6 36. h4 h6 37. R6f4 g5 38. hxg5 hxg5 39. Rf6 Bc4 40. Rh3 Rd5 41. Rhf3 Rd7 42. Rf2 a6 43. Kc3 b5 44. a5 Rc7 45. Rh2 Rc5 46. Rhf2 Rc7 47. Kd4 Rd7+ 48. Ke3 b4 49. Rb2 b3 50. Kd2 Rd5 51. Kc3 Bb5 52. Rbf2 Rd7 53. R6f3 d2 54. Rxd2 Rxd2 55. Kxd2 Bc4 56. Rc3 Bd5 57. Rc8 Kg6 58. Kc3 f6 59. exf6 Kxf6 60. Rc7 e5 61. Ra7 e4 62. Rxa6+ Ke5 63. Rb6 e3 64. Kd3 Kf4 65. a6 Kf3 66. Rf6+ Kxg4 67. Kxe3 b2 68. Rb6 Kh3 69. Rxb2 g4 70. Rb5 Ba8 71. Rh5+ Kg2 72. Kf4 Bf3 73. Rg5 Kf2 74. Rxg4 1-0

[Event "Titled Tuesday intern op 19th Dec Early"]
[Site "Chess.com INT"]
[Date "2023.12.19"]
[Round "4"]
[White "Chan, Yi Ren Daniel"]
[Black "Toman, Ondrej"]
[Result "1-0"]
[WhiteElo "2316"]
[BlackElo "2279"]
[PlyCount "81"]
[EventDate "2023.12.19"]
[EventType "swiss (blitz)"]
[EventRounds "11"]
[EventCountry "USA"]
[SourceTitle "CBM 217 Extra"]
[Source "ChessBase"]
[SourceDate "2024.01.31"]
[SourceVersion "1"]
[SourceVersionDate "2024.01.31"]
[SourceQuality "1"]

1. e4 c6 2. d4 d5 3. exd5 cxd5 4. Bd3 Nc6 5. c3 g6 6. Bf4 Nh6 7. Nf3 Bf5 8. 0-0 Bxd3 9. Qxd3 Nf5 10. Re1 Bg7 11. Nbd2 0-0 12. Ne5 f6 13. Nxc6 bxc6 14. Qe2 Qd7 15. Qe6+ Qxe6 16. Rxe6 Rac8 17. Rae1 Rfe8 18. Nb3 Kf7 19. Nc5 Bf8 20. R6e2 e5 21. Be3 Bxc5 22. dxc5 Ng7 23. b4 Rb8 24. f4 e4 25. g4 f5 26. h3 Ne6 27. Kg2 Rb7 28. Kg3 Reb8 29. Rd1 a5 30. a3 Ra8 31. Rb2 axb4 32. axb4 Ra3 33. Rc2 Rxb4 34. cxb4 Rxe3+ 35. Kh4 Nxf4 36. gxf5 gxf5 37. Kg5 Ne6+ 38. Kxf5 Nd4+ 39. Rxd4 Rb3 40. Ra2 Rxb4 41. Rxb4 1-0

[Event "Titled Tuesday intern op 19th Dec Early"]
[Site "Chess.com INT"]
[Date "2023.12.19"]
[Round "6"]
[White "Chan, Yi Ren Daniel"]
[Black "Zhigalko, Sergei"]
[Result "0-1"]
[WhiteElo "2316"]
[BlackElo "2572"]
[PlyCount "158"]
[EventDate "2023.12.19"]
[EventType "swiss (blitz)"]
[EventRounds "11"]
[EventCountry "USA"]
[SourceTitle "CBM 217 Extra"]
[Source "ChessBase"]
[SourceDate "2024.01.31"]
[SourceVersion "1"]
[SourceVersionDate "2024.01.31"]
[SourceQuality "1"]

1. e4 c5 2. Nf3 Nc6 3. Nc3 Nf6 4. d4 cxd4 5. Nxd4 e5 6. Ndb5 d6 7. Nd5 Nxd5 8. exd5 Nb8 9. a4 Be7 10. Be3 0-0 11. a5 Bd7 12. Nxa7 Bg5 13. Bb6 Qe7 14. Be2 Na6 15. 0-0 f5 16. c4 e4 17. f4 exf3 18. Bxf3 Be3+ 19. Kh1 Bxb6 20. axb6 Qe3 21. Nb5 Qxb6 22. Qd4 Qxd4 23. Nxd4 Nb4 24. h3 g6 25. b3 Rfe8 26. Ne6 Rec8 27. h4 Nd3 28. Kh2 Ne5 29. Nd4 Kg7 30. Kg3 Kf6 31. Rfe1 h6 32. Rh1 Re8 33. Nc2 Nd3 34. Nd4 f4+ 35. Kh2 Nc5 36. Rhf1 Nd3 37. Rad1 Ne5 38. Be4 g5 39. Bc2 Ng4+ 40. Kg1 Ne3 41. hxg5+ hxg5 42. Bd3 Nxd1 43. Rxd1 Re3 44. Bf1 Rae8 45. b4 Re1 46. Rd2 R8e4 47. c5 Rc1 48. c6 bxc6 49. dxc6 Bxc6 50. Nb3 Rb1 51. Rxd6+ Ke5 52. Rxc6 Rxb3 53. b5 Rb1 54. Kf2 Rb2+ 55. Kg1 Re1 56. Rc5+ Kf6 57. Rc6+ Kg7 58. Rc7+ Kg6 59. Rc6+ Kf5 60. Rc5+ Kg4 61. Rc3 Rbb1 62. Rf3 Rxb5 63. Kh2 Rbb1 64. Kg1 Red1 65. Rf2 Kf5 66. Rf3 g4 67. Rf2 Kg5 68. g3 f3 69. Kh2 Re1 70. Kg1 Kf6 71. Kh2 Ke5 72. Kg1 Kd4 73. Kh2 Ke3 74. Kg1 Rec1 75. Kh2 Kxf2 76. Bg2 Rd1 77. Bf1 Kxf1 78. Kh1 Kf2+ 79. Kh2 Rh1# 0-1

[Event "Titled Tuesday intern op 19th Dec Early"]
[Site "Chess.com INT"]
[Date "2023.12.19"]
[Round "2"]
[White "Hirneise, Jens"]
[Black "Chan, Yi Ren Daniel"]
[Result "0-1"]
[WhiteElo "2270"]
[BlackElo "2316"]
[PlyCount "118"]
[EventDate "2023.12.19"]
[EventType "swiss (blitz)"]
[EventRounds "11"]
[EventCountry "USA"]
[SourceTitle "CBM 217 Extra"]
[Source "ChessBase"]
[SourceDate "2024.01.31"]
[SourceVersion "1"]
[SourceVersionDate "2024.01.31"]
[SourceQuality "1"]

1. d4 d5 2. Bf4 c5 3. e3 Nc6 4. c3 Qb6 5. Qb3 c4 6. Qxb6 axb6 7. Nd2 Nf6 8. e4 b5 9. f3 e6 10. Nh3 b4 11. Nf2 Be7 12. Be2 0-0 13. 0-0 b5 14. Rfc1 Bd7 15. Nd1 Ra7 16. cxb4 Bxb4 17. Nc3 Bxc3 18. bxc3 Rfa8 19. Rcb1 b4 20. cxb4 Nxd4 21. Be3 Nxe2+ 22. Kf2 d4 23. Kxe2 dxe3 24. Nxc4 Rxa2+ 25. Rxa2 Rxa2+ 26. Kxe3 Ra4 27. Nb6 Ra3+ 28. Kd4 Be8 29. Nc4 Ra8 30. b5 Rd8+ 31. Kc5 Nd7+ 32. Kd6 Rc8 33. Na5 Nb6 34. Nc6 Kf8 35. Kc5 Nd7+ 36. Kd6 Nb8 37. Nxb8 Rxb8 38. b6 Rb7 39. Kc5 Ke7 40. Ra1 Rb8 41. Ra7+ Bd7 42. b7 e5 43. Kb6 Kd6 44. Ra8 Rxb7+ 45. Kxb7 Bc6+ 46. Ka7 Bxa8 47. Kxa8 Kc5 48. Kb7 g6 49. g4 h5 50. gxh5 gxh5 51. Kc7 h4 52. Kd7 Kd4 53. Kd6 h3 54. Ke7 Ke3 55. Kxf7 Kxf3 56. Kf6 Kxe4 57. Kg5 Kf3 58. Kh4 e4 59. Kxh3 e3 0-1

[Event "Titled Tuesday intern op 19th Dec Early"]
[Site "Chess.com INT"]
[Date "2023.12.19"]
[Round "11"]
[White "Kvaloy, Aksel Bu"]
[Black "Chan, Yi Ren Daniel"]
[Result "0-1"]
[WhiteElo "2443"]
[BlackElo "2316"]
[PlyCount "50"]
[EventDate "2023.12.19"]
[EventType "swiss (blitz)"]
[EventRounds "11"]
[EventCountry "USA"]
[SourceTitle "CBM 217 Extra"]
[Source "ChessBase"]
[SourceDate "2024.01.31"]
[SourceVersion "1"]
[SourceVersionDate "2024.01.31"]
[SourceQuality "1"]

1. d4 Nf6 2. Nf3 d5 3. Bf4 Bf5 4. e3 c6 5. Nbd2 e6 6. Be2 Nbd7 7. Ne5 h6 8. g4 Bh7 9. h4 Nxe5 10. dxe5 Ne4 11. Nxe4 Bxe4 12. f3 Bg6 13. h5 Bh7 14. Bd3 Qb6 15. Bxh7 Rxh7 16. Qd3 Rh8 17. 0-0-0 0-0-0 18. e4 Be7 19. Be3 Qa5 20. exd5 Rxd5 21. Qb3 Rxe5 22. Bf4 Rb5 23. Qc4 Rb4 24. Qc3 Bf6 25. Qd2 Bxb2+ 0-1

[Event "Titled Tuesday intern op 12th Jan"]
[Site "Chess.com INT"]
[Date "2021.01.12"]
[Round "11"]
[White "Mikhailovsky, Vladimir"]
[Black "Chan, Yi Ren Daniel"]
[Result "0-1"]
[WhiteElo "2228"]
[BlackElo "2316"]
[PlyCount "66"]
[EventDate "2021.01.12"]
[EventType "swiss (blitz)"]
[EventRounds "11"]
[EventCountry "USA"]
[SourceTitle "CBM 200 Extra"]
[Source "ChessBase"]
[SourceDate "2021.03.31"]
[SourceVersion "1"]
[SourceVersionDate "2021.03.31"]
[SourceQuality "1"]

1. e4 c6 2. d4 d5 3. e5 Bf5 4. h4 h5 5. Bd3 Bxd3 6. Qxd3 e6 7. Bg5 Qa5+ 8. Nd2 Qa6 9. c4 c5 10. Ngf3 Nc6 11. 0-0 cxd4 12. a3 Be7 13. b4 dxc4 14. Nxc4 b5 15. Nd6+ Bxd6 16. exd6 f6 17. Qg6+ Kf8 18. Rfe1 e5 19. Rac1 Rd8 20. Nxe5 Nxe5 21. Rxe5 Qxd6 22. Rxb5 Ne7 23. Qe4 fxg5 24. hxg5 g6 25. Re5 Rh7 26. Re6 Qd5 27. Rf6+ Rf7 28. Qf4 d3 29. Rd1 Ng8 30. Rxd3 Nxf6 31. Rxd5 Nxd5 32. Qe5 Kg8 33. Qe6 Ne7 0-1

[Event "Titled Tuesday intern op 12th Jan"]
[Site "Chess.com INT"]
[Date "2021.01.12"]
[Round "7"]
[White "Wagner, Dinara"]
[Black "Chan, Yi Ren Daniel"]
[Result "0-1"]
[WhiteElo "2334"]
[BlackElo "2316"]
[PlyCount "74"]
[EventDate "2021.01.12"]
[EventType "swiss (blitz)"]
[EventRounds "11"]
[EventCountry "USA"]
[SourceTitle "CBM 200 Extra"]
[Source "ChessBase"]
[SourceDate "2021.03.31"]
[SourceVersion "1"]
[SourceVersionDate "2021.03.31"]
[SourceQuality "1"]

1. d4 d5 2. c4 c6 3. Nf3 Nf6 4. g3 dxc4 5. Bg2 b5 6. b3 cxb3 7. Qxb3 Bb7 8. 0-0 e6 9. Rd1 Be7 10. Nc3 0-0 11. Bf4 a6 12. Rac1 Nbd7 13. Ne5 Rc8 14. Ne4 Nxe4 15. Bxe4 Nxe5 16. Bxe5 Qb6 17. Qd3 h6 18. Qf3 f5 19. Bb1 c5 20. Qh5 c4 21. d5 Bxd5 22. Bd4 Bc5 23. Bxc5 Qxc5 24. Rc3 b4 25. Rcc1 c3 26. e3 a5 27. Qe2 Rfd8 28. e4 Bc4 29. Qf3 Rxd1+ 30. Qxd1 f4 31. e5 fxg3 32. hxg3 Rf8 33. Qc2 Rf5 34. g4 Rf4 35. Qh7+ Kf8 36. Bg6 Qxf2+ 37. Kh1 Bd5+ 0-1

[Event "Chess.com Bullet op2"]
[Site "Chess.com INT"]
[Date "2020.12.19"]
[Round "4"]
[White "Balaji, Aaravamudhan"]
[Black "Chan, Yi Ren Daniel"]
[Result "0-1"]
[WhiteElo "2206"]
[BlackElo "2316"]
[PlyCount "82"]
[EventDate "2020.12.19"]
[EventType "swiss (blitz)"]
[EventRounds "21"]
[EventCountry "USA"]
[SourceTitle "EXT 2022"]
[Source "ChessBase"]
[SourceDate "2021.10.06"]
[SourceVersion "1"]
[SourceVersionDate "2021.10.06"]
[SourceQuality "1"]

1. d4 Nf6 2. c4 d6 3. Nc3 e5 4. d5 e4 5. Bg5 Bf5 6. Qb3 Qc8 7. Bxf6 gxf6 8. h3 Na6 9. g4 Bg6 10. e3 Nc5 11. Qc2 a5 12. Nge2 f5 13. Nf4 fxg4 14. hxg4 Qxg4 15. Bh3 Qf3 16. Bg2 Qg4 17. Bh3 Qg5 18. 0-0-0 Bg7 19. Rdg1 Qf6 20. Nb5 Nd3+ 21. Nxd3 exd3 22. Qc3 Qxc3+ 23. bxc3 Kd8 24. Kd2 Re8 25. f4 f5 26. Bxf5 Bxc3+ 27. Kxc3 Bxf5 28. Nd4 Be4 29. Rh6 a4 30. Rg7 a3 31. Ne6+ Kc8 32. Rxc7+ Kb8 33. Rd7 Ra6 34. Rf6 Rb6 35. Rff7 Rb2 36. Rg7 d2 37. Rg1 Rc2+ 38. Kd4 Rc1 39. Rgg7 d1Q+ 40. Kxe4 Qc2+ 41. Kd4 Rd1# 0-1

[Event "Chess.com Bullet op1"]
[Site "Chess.com INT"]
[Date "2020.12.19"]
[Round "21"]
[White "Bortnyk, Olexandr"]
[Black "Chan, Yi Ren Daniel"]
[Result "1-0"]
[WhiteElo "2598"]
[BlackElo "2316"]
[PlyCount "125"]
[EventDate "2020.12.19"]
[EventType "swiss (blitz)"]
[EventRounds "21"]
[EventCountry "USA"]
[SourceTitle "EXT 2022"]
[Source "ChessBase"]
[SourceDate "2021.10.06"]
[SourceVersion "1"]
[SourceVersionDate "2021.10.06"]
[SourceQuality "1"]

1. d4 c6 2. Nc3 d5 3. Bf4 Nf6 4. e3 Nbd7 5. Nf3 e6 6. Bd3 Nh5 7. Bg5 Be7 8. Bxe7 Qxe7 9. Qe2 0-0 10. 0-0-0 f5 11. h4 b5 12. g4 fxg4 13. Ng5 Nhf6 14. e4 b4 15. Na4 dxe4 16. Bxe4 h6 17. Bxc6 Rb8 18. Qxe6+ Qxe6 19. Nxe6 Re8 20. Rhe1 Re7 21. d5 Nb6 22. Nxb6 axb6 23. Nf4 Ra7 24. d6 Rxa2 25. Re7 Bf5 26. Rd5 Be4 27. d7 Bxd5 28. Nxd5 Nxd7 29. Rxd7 b3 30. cxb3 Ra1+ 31. Kd2 Rf1 32. Ke2 Rb1 33. Ne7+ Kh7 34. Be4+ Kh8 35. Bxb1 Re8 36. Bg6 Rf8 37. Nf5 Rb8 38. Rxg7 b5 39. Rh7+ Kg8 40. Nxh6+ Kf8 41. Rf7+ Ke8 42. Rb7+ Kd8 43. Rxb8+ Kc7 44. Rxb5 Kc6 45. Rg5 g3 46. Rxg3 Kd6 47. Re3 Kd5 48. Re4 Kc5 49. Bf5 Kd5 50. Ng4 Kd6 51. Nh2 Kc5 52. Nf1 Kd5 53. Nd2 Kd6 54. h5 Kd5 55. h6 Kc5 56. h7 Kc6 57. h8Q Kd5 58. Qh5 Kc6 59. Bh7 Kd7 60. Qf5+ Kd8 61. Re6 Kc8 62. Qf7 Kd8 63. Re8# 1-0

[Event "Chess.com Bullet op1"]
[Site "Chess.com INT"]
[Date "2020.12.19"]
[Round "4"]
[White "Chan, Yi Ren Daniel"]
[Black "Nihal, Sarin"]
[Result "0-1"]
[WhiteElo "2316"]
[BlackElo "2620"]
[PlyCount "90"]
[EventDate "2020.12.19"]
[EventType "swiss (blitz)"]
[EventRounds "21"]
[EventCountry "USA"]
[SourceTitle "EXT 2022"]
[Source "ChessBase"]
[SourceDate "2021.10.06"]
[SourceVersion "1"]
[SourceVersionDate "2021.10.06"]
[SourceQuality "1"]

1. e4 g6 2. d4 Bg7 3. Nc3 d5 4. f4 dxe4 5. Be3 Nh6 6. Nxe4 Nf5 7. Bf2 Bxd4 8. Bxd4 Qxd4 9. Qxd4 Nxd4 10. 0-0-0 Ne6 11. Nf3 Nxf4 12. Bc4 Be6 13. Bb5+ c6 14. Ba4 Bd5 15. Nc3 Bxf3 16. gxf3 Nd7 17. Rhe1 Nc5 18. Bb3 Nxb3+ 19. axb3 Rd8 20. Rxd8+ Kxd8 21. Ne4 Ne6 22. Rd1+ Kc7 23. Re1 Rd8 24. c3 Rd5 25. Kc2 Rh5 26. Re2 Rh3 27. Rf2 f5 28. Nd2 Nf4 29. Nf1 e5 30. Ne3 Kd6 31. Nc4+ Ke6 32. Na5 g5 33. Nxb7 e4 34. fxe4 fxe4 35. Nd8+ Kf6 36. Nxc6 e3 37. Rf1 Rxh2+ 38. Kb1 e2 39. Re1 Nd3 40. Rxe2 Rxe2 41. Nd4 Rxb2+ 42. Ka1 g4 43. Nb5 g3 44. Nd6 g2 45. Ne4+ Kg6 0-1

[Event "Chess.com Bullet op2"]
[Site "Chess.com INT"]
[Date "2020.12.19"]
[Round "17"]
[White "Chan, Yi Ren Daniel"]
[Black "Tronenkovs, Valdis"]
[Result "0-1"]
[WhiteElo "2316"]
[BlackElo "2265"]
[PlyCount "110"]
[EventDate "2020.12.19"]
[EventType "swiss (blitz)"]
[EventRounds "21"]
[EventCountry "USA"]
[SourceTitle "EXT 2022"]
[Source "ChessBase"]
[SourceDate "2021.10.06"]
[SourceVersion "1"]
[SourceVersionDate "2021.10.06"]
[SourceQuality "1"]

1. e4 c5 2. Nf3 Nc6 3. d4 cxd4 4. Nxd4 g6 5. Nc3 Bg7 6. Be3 Nf6 7. Bc4 0-0 8. Bb3 d5 9. exd5 Na5 10. Qf3 Bg4 11. Qg3 Nxb3 12. axb3 Bh5 13. d6 Ng4 14. dxe7 Qxe7 15. 0-0 Be5 16. Nd5 Qd6 17. Qf3 Nxe3 18. Qxe3 Qxd5 19. c3 Rfe8 20. Rfe1 Bxh2+ 21. Kxh2 Rxe3 22. Rxe3 g5 23. b4 Bg6 24. Ra5 Qd6+ 25. Kg1 h6 26. Rae5 Rd8 27. b5 a6 28. g3 axb5 29. Rxb5 Qc7 30. Ree5 Rxd4 31. cxd4 Qc1+ 32. Kh2 Qd2 33. Kg2 Qxd4 34. Re8+ Kg7 35. Rbe5 Qxb2 36. Re3 b5 37. Ra8 b4 38. Rb8 Qd4 39. Rb5 Be4+ 40. Kg1 Bd3 41. Rb7 Qa1+ 42. Kg2 Qc3 43. Kh3 b3 44. Rf3 b2 45. Rfxf7+ Kg6 46. Rfd7 Bf1+ 47. Kh2 Bd3 48. Rd6+ Kh5 49. Rb5 b1Q 50. g4+ Kxg4 51. Rxb1 Bxb1 52. Rd1 Qh3+ 53. Kg1 Qf3 54. Rd4+ Kh3 55. Kf1 Bd3+ 0-1

[Event "Chess.com Bullet op2"]
[Site "Chess.com INT"]
[Date "2020.12.19"]
[Round "1"]
[White "Chan, Yi Ren Daniel"]
[Black "Vidovic, Sasa"]
[Result "0-1"]
[WhiteElo "2316"]
[BlackElo "2210"]
[PlyCount "72"]
[EventDate "2020.12.19"]
[EventType "swiss (blitz)"]
[EventRounds "21"]
[EventCountry "USA"]
[SourceTitle "EXT 2022"]
[Source "ChessBase"]
[SourceDate "2021.10.06"]
[SourceVersion "1"]
[SourceVersionDate "2021.10.06"]
[SourceQuality "1"]

1. e4 d6 2. d4 Nf6 3. Nc3 Nc6 4. f4 e5 5. Nf3 exd4 6. Nxd4 Be7 7. Bb5 Bd7 8. Bxc6 bxc6 9. Qe2 0-0 10. 0-0 c5 11. Nf3 Re8 12. e5 Bf8 13. Re1 Bc6 14. Be3 Nd5 15. Rad1 Nxc3 16. bxc3 Qc8 17. Qf2 Qa6 18. Ng5 h6 19. Nh3 dxe5 20. fxe5 Rxe5 21. Nf4 Rf5 22. Qg3 Rg5 23. Qh3 Bd6 24. Rd2 Qxa2 25. Nh5 Rg6 26. Rf2 Qc4 27. Bf4 Bxf4 28. Nxf4 Rg5 29. Nd3 Qxc3 30. Ref1 Qd4 31. Nf4 Rf8 32. Qh4 Qe4 33. h3 Qe3 34. Kh2 Rf5 35. Nd3 Qe4 36. Rxf5 Qxg2# 0-1